[Event "CAN-ch U08 Girls"]
[Site "Sault Ste Marie"]
[Date "2017.07.06"]
[Round "1"]
[White "Ma, Lily"]
[Black "Liao, Jocelyn"]
[Result "1-0"]
[WhiteElo "820"]
[BlackElo "402"]
[PlyCount "33"]
[EventDate "2017.07.06"]
[EventType "swiss"]
[EventRounds "9"]
[EventCountry "CAN"]
[SourceTitle "EXT 2022"]
[Source "ChessBase"]
[SourceDate "2021.10.06"]
[SourceVersion "1"]
[SourceVersionDate "2021.10.06"]
[SourceQuality "1"]

1. e4 e5 2. Nf3 Nc6 3. Bc4 Bc5 4. c3 Nf6 5. d4 exd4 6. cxd4 Nxe4 7. dxc5 Nxc5 8. 0-0 0-0 9. Nc3 a6 10. Re1 Re8 11. Bg5 Re7 12. Bxe7 Qe8 13. Bxc5 Qd8 14. Qd5 d6 15. Qxf7+ Kh8 16. Re8+ Qxe8 17. Qxe8# 1-0